02326nam a2200265Ia 450000500170000000800410001702000150005804100080007308200200008110000430010124500900014425000220023430000250025649000380028150514020031965000350172165000390175665000510179565000440184626400470189033600270193733700330196433800280199704000350202520220316235737.0121119s1997 ck gr 000 0 spa  a95865526080 aspa04a610.7301 bC17d1 aCastrillón Agudelo, María Consuelo13aLa dimensión social de la práctica de enfermeríacMaría Consuelo Castrillón aPrimera edición a128 páginasc25 cm0 aYuluka. Nutrición y dietética0 aIntroducción. -- El proyecto Nightingale : Historia de la enfermería : su importancia para la profesión. Surgimiento de la enfermería moderna. Aportes de Florence Nightingale en la modernización de los hospitales. La escuela Nightingale. -- La formación de enfermeras : Entrenamiento en el oficio : primeras experiencias. Requisitos de admisión. Objetivos y filosofía de los programas. Reformas curriculares. -- Referentes teóricos-prácticos de enfermería : Modelos conceptuales del cuidado en enfermería. Alcances y limitaciones de los enfoques presentados. -- Modelos de pensamiento que han influido en la formación, la investigación y las prácticas en enfermería de salud pública : Modelo flexneriano : proposiciones sobre formación y atención médica, centradas en el cuerpo del enfermo. Modelos de atención y formación, centrados en políticas de coberturas de salud. El proyecto de medicina comunitaria. -- El trabajo en enfermería : Características generales del trabajo en salud. El poder en el campo de la salud. El trabajo en enfermería. Instrumentos disponibles para cualificar el trabajo en enfermería. -- Reflexiones sociológicas acerca de enfermería : Enfermería como profesión. Enfermería como práctica social. La herencia del género. La construcción de identidad profesional. -- Epílogo. -- Índice analítico14aCuidados de enfermería2LEMB14aEducación en enfermería 2LEMB14aTeoría y práctica de la enfermería2LEMB14aEnfermería en salud comunitaria2LEMB aMedellínbUniversidad de Antioquiac1997 atextobtxt2rdacontent asin mediaciónbn2rdamedia avolumenbnc2rdacarrier aCO-BoRNBPbspaerdacCO-BoRNBP